ТРЕТИ илюстрован годишник на Държавното рисувално училище за учебната 1906/1907 година (Запис номер 342909)
[ съкратено ]
| 000 -Лидер | |
|---|---|
| Контролно поле с фиксирана дължина | 00945nam a2200253 c 4500 |
| 003 - Код на организацията, давaща контролен номер | |
| Контролно поле | BLK |
| 005 - Дата и час на последна редакция | |
| Контролно поле | 20190913121213.0 |
| 008 - Елементи от данни с фиксирана дължина | |
| fixed length control field | 180911b bul|||||r ||||||| ||bul|| |
| 010 ## - Наследен системен номер | |
| LC control number | 002570 |
| 040 ## - Източник на каталожния запис | |
| Идентификатор на билиотеката - собственик на записа | BLK |
| 041 ## - Код за език | |
| Код за езика на текст/звукозапис или на отделно заглавие | Български |
| 080 ## - УДК | |
| УДК - код + определител | 741.9(497.2)377.5:7(497.2) |
| 100 1# - Редна дума - Автор | |
| Автор | |
| Авторска отговорност | първи автор |
| 245 10 - Сведения за заглавието | |
| Заглавие | ТРЕТИ илюстрован годишник на Държавното рисувално училище за учебната 1906/1907 година |
| 246 ## - Различни форми на заглавието | |
| Подзаглавни данни | ТРЕТИ илюстрован годишник |
| 260 ## - Област на издателските данни | |
| Място на издаване, разпространение и проч. | София |
| Име на издателя, разпространителя и проч. | Придворна печ. |
| Година на издаване | 1908 |
| 300 ## - Физическа характеристика | |
| Страници | 23 с., 32 л |
| Илюстрации и др. | ил. |
| Размери/Мащаб | 28 см |
| 380 ## - Жанр | |
| Жанр | Общ отдел |
| 490 ## - СЕРИИ (Колекции) | |
| Име на серия | Частна колекция - Академик Михаил Арнаудов |
| Бележки за серията | Дарение - Основен фонд |
| 650 ## - Допълнително описание по предмет – тема | |
| Основно описание – тема или топоним | Училищно дело |
| 655 ## - Ключова дума – жанр/разновидност | |
| Данни за жанр/разновидност или ключова дума за фокус | българско образование |
| 852 ## - Местоположение | |
| Форматна сигнатура | МА 4677 |
| 942 ## - АРТИКУЛИ | |
| Вид на библиотечния материал | Книги |
| Скрит в OPAC | Не |
| 944 ## - СЪЗДАВАНЕ И РЕДАКЦИЯ на ЗАПИСА | |
| Създаване/Редакция | Създаване |
| Дата на регистрацията/редакция | 1994 |
| 999 ## - СИСТЕМНИ КОНТРОЛНИ НОМЕРА | |
| Koha biblionumber | 342909 |
| Koha biblioitemnumber | 342909 |
| Код за отписване | Код за изгубен артикул | Източник на класификационната схема | Код за повреда | Коз за рестрикции | Код за отдаване | Артикулен № | Име на библиотеката - собственик | Име на библиотеката, в която се намира в момента | Статус (Текущо местоположение) | Местоположение - отдел | Цена в лева | Номерация (Хронология) | Инвентарен номер | Систематично азбучна сигнатура | Баркод | Номер на екземпляра | Цена в евро | Служебен тип на артикула |
|---|---|---|---|---|---|---|---|---|---|---|---|---|---|---|---|---|---|---|
| Не е изгубен | Universal Decimal Classification | Не е повреден | без рестрикции | Специални фондове ( старопечатни, редки и ценни, фонд М. Арнаудов) | 743051 | Регионална библиотека "Любен Каравелов" Русе | Регионална библиотека "Любен Каравелов" Русе | Фонд "Михаил Арнаудов" | Фонд "Михаил Арнаудов" | 5.00 | 592589 | МА 4677 | 120000592589 | 1 | 2.56 | Книги |